Famous... with a Hard Hat Quiz Stats

 Plays Quiz Updated Jan 22, 2015

Challenge
Share
Tweet
Score 0/20 Timer 05:00
8 Plays Today
Famous Person % Correct
Barack Obama
97.4%
Morgan Freeman
96.2%
Kermit & Miss Piggy
95.9%
Mandela & Oprah
95.5%
Justin Bieber
92.5%
Brad Pitt
91.8%
Kim Kardashian
87.9%
Catherine, Duchess of Cambridge
81.7%
Prince Charles
81.1%
Vladimir Putin
79.3%
Famous Person % Correct
Richard Nixon
77.1%
George Bush
75.7%
Beyoncé Knowles-Carter
75.5%
Margaret Thatcher
74.2%
Pope Francis
65.3%
Jimmy Carter
64.1%
Tony Blair
60.5%
Robert Downey Jr.
55.2%
Cate Blanchett
54.6%
Dan Aykroyd
48.7%

You're not logged in!

Compare scores with friends on all Sporcle quizzes.
OR
Log In

You Might Also Like...

Show Comments

Extras

Top Quizzes Today


Score Distribution

Your Account Isn't Verified!

In order to create a playlist on Sporcle, you need to verify the email address you used during registration. Go to your Sporcle Settings to finish the process.

Report this User

Report this user for behavior that violates our Community Guidelines.

Details: